| 000 | 01567nam a22002537a 4500 | ||
|---|---|---|---|
| 005 | 20140521114125.0 | ||
| 008 | 140409b xxu||||| |||| 00| 0 hin d | ||
| 010 | _aB-526468-500 | ||
| 020 |
_a9788173071411 _c330.00 |
||
| 035 | _aB-393752-762 B-526468-500 | ||
| 037 | _bDPL/BSB | ||
| 040 |
_adpl _bHN |
||
| 082 | _a336.24 | ||
| 100 |
_aचन्द्रा, महेश एवं शुक्ला, डी. सी. _913111 |
||
| 245 |
_aआय-कर एवं अंकेक्षणः _cमहेश चन्द्रा एवं डी.सी. शुक्ला _b(दिल्ली विश्वविद्यालय के बी.कॉम पार्ट II)/ |
||
| 250 | _a6टा संस्क | ||
| 260 |
_aदिल्ली _bप्रगति पब्लिकेशन्स _c2012 |
||
| 270 |
_a4382/4बी, अंसारी रोड़, दरियागंज, _bनई दिल्ली _e110002 |
||
| 300 |
_a435 पृ _c23 से.मी (अजिल्द) |
||
| 700 |
_aशुक्ला, डी.सी. _913112 |
||
| 942 |
_adpl _cHN _2ddc _mचन्द्रम _h336.24 |
||
| 999 |
_c83354 _d83354 |
||